000 00709nam a2200217 i 4500
001 180953
003 ES-MaACL
005 20250815130719.0
008 120903q19501959sp a |||| |dspa d
080 _a778.5
100 1 _aGutiérrez Larraya, Tomás.
_9149706
245 1 4 _aLos dibujos animados /
_cTomás Gutiérrez ; portada de Chaco.
260 _aBarcelona :
_bEdiciones G.P.,
_c[195-]
300 _a64 p. :
_bil. ;
_c11 cm.
490 1 _aEnciclopedia pulga ;
_v222
650 0 7 _aAnimación (Cinematografía)
_2embne
_911875
700 1 _aChacopino Fabre, Joaquín.
_9150736
830 0 _aEnciclopedia pulga ;
_v222
_9191296
852 _aES-MaACL
_j2311-F-41
999 _c180953
_d180953